Traité de droit constitutionnel / (Record no. 64398)

MARC details
000 -LEADER
campo de control de longitud fija 00820cam a2200277M 4500
001 - NÚMERO DE CONTROL
campo de control 97650
005 - FECHA Y HORA DE LA ÚLTIMA TRANSACCIÓN
campo de control 20230410123602.0
008 - DATOS DE LONGITUD FIJA--INFORMACIÓN GENERAL
campo de control de longitud fija 051010r2004 fr 000 0 fre d
035 ## - NÚMERO DE CONTROL DEL SISTEMA
Número de control de sistema (OCoLC)ocm76785351
040 ## - FUENTE DE CATALOGACIÓN
Centro catalogador/agencia de origen CUD
Centro/agencia transcriptor CUD
Centro/agencia modificador OCLCG
-- OCLCQ
020 ## - NÚMERO INTERNACIONAL ESTÁNDAR DEL LIBRO
Número Internacional Estándar del Libro 2913397603
020 ## - NÚMERO INTERNACIONAL ESTÁNDAR DEL LIBRO
Número Internacional Estándar del Libro 9782913397606
022 ## - NÚMERO INTERNACIONAL NORMALIZADO PARA PUBLICACIONES SERIADAS
Número Internacional Normalizado para Publicaciones Seriadas 1292-4431
ISSN-L 1292-4431
035 ## - NÚMERO DE CONTROL DEL SISTEMA
Número de control de sistema (OCoLC)76785351
043 ## - CÓDIGO DE ÁREA GEOGRÁFICA
Código de área geográfica e-fr---
050 14 - SIGNATURA TOPOGRÁFICA DE LA BIBLIOTECA DEL CONGRESO
Número de clasificación KJV 4079
Número de ítem B285t 2004
100 1# - ENTRADA PRINCIPAL--NOMBRE DE PERSONA
Nombre de persona Barthélmey, Joseph,
Fechas asociadas al nombre 1874-1945.
245 10 - MENCIÓN DEL TÍTULO
Título Traité de droit constitutionnel /
Mención de responsabilidad, etc. Joseph-Barthélemy et Paul Duez.
260 ## - PUBLICACIÓN, DISTRIBUCIÓN, ETC.
Lugar de publicación, distribución, etc. Paris :
Nombre del editor, distribuidor, etc. Panthéon-Assas,
Fecha de publicación, distribución, etc. 2004
300 ## - DESCRIPCIÓN FÍSICA
Extensión x, 955 p. ;
Dimensiones 24 cm.
650 #0 - PUNTO DE ACCESO ADICIONAL DE MATERIA--TÉRMINO DE MATERIA
Término de materia o nombre geográfico como elemento de entrada Constitutional law
Subdivisión geográfica France
650 #0 - PUNTO DE ACCESO ADICIONAL DE MATERIA--TÉRMINO DE MATERIA
Término de materia o nombre geográfico como elemento de entrada Constitutional law
Subdivisión geográfica France
Subdivisión general History.
700 1# - ENTRADA AGREGADA--NOMBRE PERSONAL
Nombre de persona Duez, Paul,
Fechas asociadas al nombre 1888-1947.
942 ## - ELEMENTOS DE ENTRADA SECUNDARIOS (KOHA)
Fuente del sistema de clasificación o colocación Clasificación de Library of Congress
Tipo de ítem Koha
994 ## -
-- C0
-- DRFGD
Holdings
Estatus retirado Estado de pérdida Fuente del sistema de clasificación o colocación Estado de daño No para préstamo Colección Biblioteca de origen Biblioteca actual Ubicación en estantería Fecha de adquisición Serial enumeration / chronology Signatura topográfica completa Código de barras Visto por última vez Copia número Tipo de ítem Koha
    Clasificación de Library of Congress     Ciencias Sociales Biblioteca Juan Bosch Biblioteca Juan Bosch Ciencias Sociales (3er. Piso) 10/04/2023 1 KJV 4079 B285t 2004 00000090882 24/10/2018 1